000 00406nam a2200169Ia 4500
003 GCL
008 140319s9999 xx 000 0 ara d
040 _aGCL /
_cGCL
082 0 4 _a810.9
_bط ا
100 1 _aطه حسين
245 1 0 _aاديب /
_cطه حسين
300 _a256 ص
490 _a
650 0 4 _aالادب العربى
650 0 4 _aالمقالات العربية
942 _2ddc
_cBK
999 _c38377
_d38377